000 004090000a22001690004500
003 MACL
005 20160106150214.0
008 160106b xxu||||| |||| 00| 0 eng d
040 _aMACL
_cMACL
041 _aEnglish
082 _a910.94/TAY
100 _aGriffeith, Taylor
_928776
245 _aAustralia
260 _bMethuen & Co.
_c1959
_aLondon
650 _aTravel
_928777
942 _cBK
_k910.94/Tay
_2ddc
999 _c35988
_d35988